Representations of finite dimensional algebras and related topics in Lie theory and geometry /

Guardado en:
Autor Corporativo: International Conference on Representations of Algebras
Otros Autores: Dlab, Vlastimil. (Editor ), Ringel, Claus Michael. (Editor )
Formato: Libro
Idioma:English
Publicado: Providence, R.I. : American Mathematical Society, c2004.
Series:Fields Institute communications, v. 40
Etiquetas: Agregar Etiqueta
Sin Etiquetas, Sea el primero en etiquetar este registro!
LEADER 02738cam a22002534a 4500
001 MAT.inmabb002528
008 031204s2004####riua#####b####101#0#eng##
005 20170524124521.0
245 0 0 |a Representations of finite dimensional algebras and related topics in Lie theory and geometry /  |c Vlastimil Dlab, Claus Michael Ringel, editors. 
260 |a Providence, R.I. :  |b American Mathematical Society,  |c c2004. 
300 |a xvii, 479 p. :  |b il. ;  |c 27 cm. 
440 0 |a Fields Institute communications,  |x 1069-5265 ;  |v v. 40 
500 |a Papers from the Workshops on Commutative Algebra, Algebraic Geometry and Representation Theory, on Finite Dimensional Algebras, Algebraic Groups and Lie Theory and on Quantum Groups and Hall Algebras held in Toronto, Canada, from July 15 to August 10, 2002. 
504 |a Incluye referencias bibliográficas. 
505 0 |a Kenneth S. Brown, Semigroup and ring theoretical methods in probability -- Thomas Bruestle, Typical examples of tame algebras -- Osamu Iyama, Representation dimension and Solomon zeta function -- Steffen Koenig, Filtrations, stratifications and applications -- Mohan S. Putcha, Bruhat-Renner decomposition and Hecke algebras of reductive monoids -- Lex E. Renner, Representations and blocks of algebraic monoids -- Manfred Schocker, The descent algebra of the symmetric group -- Yuri Berest [Yu. Yu. Berest], A remark on Letzter–Makar-Limanov invariants -- Igor Burban, Derived categories of coherent sheaves on rational singular curves -- Yuriy A. Drozd [Yu. A. Drozd], Vector bundles and Cohen-Macaulay modules -- Jie Du, Finite dimensional algebras, quantum groups and finite groups of Lie type -- Volodymyr Mazorchuk, Stratified algebras arising in Lie theory -- Toshiyuki Tanisaki, Character formulas of Kazhdan-Lusztig type -- Peter Webb, Weight theory in the context of arbitrary finite groups -- Georgia Benkart and Sarah Witherspoon, Restricted two-parameter quantum groups -- Bangming Deng and Jie Xiao [Jie Xiao1], On Ringel-Hall algebras -- Zongzhu Lin, Lusztig's geometric approach to Hall algebras -- Markus Reineke, The use of geometric and quantum group techniques for wild quivers -- Konstanze Rietsch, An introduction to perverse sheaves -- Yoshihisa Saito, An introduction to canonical bases -- Olivier Schiffmann, Quivers of type A, flag varieties and representation theory. 
510 4 |a MR,  |c 2004k:00021 
020 |a 0821834169 
700 1 |a Dlab, Vlastimil.  |4 edt 
700 1 |a Ringel, Claus Michael.  |4 edt 
711 2 |a International Conference on Representations of Algebras  |n (10th :  |d 2002 :  |c Toronto, Ont.) 
084 |a 00B25 (14-06 16-06 17-06)  |2 msc2000 
010 |a  2003063645 
040 |a DLC  |c DLC  |d DLC 
859 |h 00B25  |i In61-10  |p A-8180  |b BIB. MATEMATICA